000 00182 a2200097 4500
020 _a9780823961146
041 _aspa
100 _aKirkpatrick, Rob
245 _aSammy Sosa
942 _cBK
999 _c5989
_d5989